000 00334nam a2200145Ia 4500
005 20251222142010.0
008 251222s9999||||xx |||||||||||||| ||spa||
020 _a9788435061490
082 _a823.92/S28
100 _aScarrow, Simon
245 0 _aEl Águila en el Desierto
250 _a1ra.ed.
264 _bEdhasa
942 _cLIB
999 _c10304
_d10304